Countries with Exactly One Border - Statistics

General Stats
  • This quiz has been taken 41 times
  • The average score is 13 of 15
Answer Stats
Continent Nation % Correct
Europe San Marino
97%
Africa Lesotho
95%
Europe Vatican City
95%
Asia South Korea
92%
Europe Ireland
89%
Europe Portugal
87%
Americas Haiti
84%
Europe Monaco
84%
Oceania Papua New Guinea
84%
Europe United Kingdom
84%
Americas Dominican Republic
82%
Asia Qatar
79%
Asia Brunei
74%
Asia East Timor
74%
Africa Gambia
74%
No matching quizzes found
Score Distribution
Percent of People with Each Score
Percentile by Number Answered
Your Score History
You have not taken this quiz